000 00808nam a2200241Ia 4500
003 OSt
005 20220923212651.0
006 a|||||r|||| 00| 0
007 ta
008 220922b |||||||| |||| 00| 0 hin d
024 _a155,062
037 _cTextual
040 _aARTS
_cARTS
_bhin
041 _2hin
_ahin
082 _aO15,1A2:g, 152M0
100 _aअग्रवाल, गिरिवर चरण, संपा.
_9162682
245 0 _aभारत युद्ध काल
246 _aBhārat yuddha kāla
260 _aबिजनौर
_b विदुरे सेवा आश्रम
_c1980
300 _a311 पृ.
_ccm.
942 _hO15,1A2:g, 152M0
_cTEXL
_2CC
999 _c310638
_d310638